Top 10 football transfers from every transfer window since 2010. - Statistics

General Stats
  • This quiz has been taken 56 times
  • The average score is 117 of 154
Answer Stats
nat. pos. age from to fee Answer % Correct
24/25 Flag of Argentina CF (24) Manchester City Atlético de Madrid 75,00 Julián Alvarez
95%
23/24 Flag of England CM (24) West Ham United Arsenal FC 116,60 Declan Rice
93%
23/24 Flag of England CF (30) Tottenham Hotspur Bayern Munich 95,00 Harry Kane
93%
23/24 Flag of England OM (20) Borussia Dortmund Real Madrid 113,00 Jude Bellingham
93%
21/22 Flag of Morocco RB (22) Inter Milan Paris Saint-Germain 68,00 Achraf Hakimi
91%
22/23 Flag of Sweden CF (22) Real Sociedad Newcastle United 70,00 Alexander Isak
91%
22/23 Flag of Brazil RW (22) Ajax Amsterdam Manchester United 95,00 Antony
91%
22/23 Flag of Uruguay CF (23) SL Benfica Liverpool FC 85,00 Darwin Núñez
91%
23/24 Flag of Germany CF (24) Chelsea FC Arsenal FC 75,00 Kai Havertz
91%
23/24 Flag of Ecuador DM (21) Brighton & Hove Albion Chelsea FC 116,00 Moisés Caicedo
91%
23/24 Flag of Denmark CF (20) Atalanta BC Manchester United 77,80 Rasmus Højlund
91%
22/23 Flag of Argentina CM (22) SL Benfica Chelsea FC 121,00 Enzo Fernández
89%
21/22 Flag of England LW (25) Aston Villa Manchester City 117,50 Jack Grealish
89%
22/23 Flag of the Netherlands CB (22) Juventus FC Bayern Munich 67,00 Matthijs de Ligt
89%
24/25 Flag of Egypt CF (25) Eintracht Frankfurt Manchester City 75,00 Omar Marmoush
89%
21/22 Flag of Belgium CF (28) Inter Milan Chelsea FC 113,00 Romelu Lukaku
89%
18/19 Flag of Brazil GK (25) AS Roma Liverpool FC 72,50 Alisson
86%
22/23 Flag of Brazil DM (30) Real Madrid Manchester United 70,65 Casemiro
86%
18/19 Flag of Portugal CF (33) Real Madrid Juventus FC 117,00 Cristiano Ronaldo
86%
23/24 Flaga OM (22) RB Leipzig Liverpool FC 70,00 Dominik Szoboszlai
86%
19/20 Flag of Belgium LW (28) Chelsea FC Real Madrid 120,80 Eden Hazard
86%
23/24 LB (21) RB Leipzig Manchester City 90,00 Joško Gvardiol
86%
20/21 Flag of Germany CF (21) Bayer 04 Leverkusen Chelsea FC 100,00 Kai Havertz
86%
18/19 Flag of France CF (19) AS Monaco Paris Saint-Germain 180,00 Kylian Mbappé
86%
24/25 Flag of France CB (18) LOSC Lille Manchester United 62,00 Leny Yoro
86%
21/22 Flag of Colombia LW (25) FC Porto Liverpool FC 54,00 Luis Díaz
86%
23/24 Flag of Brazil OM (31) Paris Saint-Germain Al-Hilal SFC 90,00 Neymar
86%
24/25 Flag of Portugal RW (24) Wolverhampton Wanderers Chelsea FC 60,00 Pedro Neto
86%
22/23 Flag of France DM (22) AS Monaco Real Madrid 80,00 Aurélien Tchouaméni
84%
21/22 Flag of England RB (23) Brighton & Hove Albion Arsenal FC 58,50 Ben White
84%
18/19 Flag of the United States RW (20) Borussia Dortmund Chelsea FC 64,00 Christian Pulisic
84%
24/25 Flag of England CF (26) AFC Bournemouth Tottenham Hotspur 64,30 Dominic Solanke
84%
21/22 Flag of Serbia CF (22) ACF Fiorentina Juventus FC 83,50 Dušan Vlahović
84%
21/22 Flag of England LW (21) Borussia Dortmund Manchester United 85,00 Jadon Sancho
84%
19/20 Flag of Portugal CF (19) SL Benfica Atlético de Madrid 127,20 João Félix
84%
24/25 Flag of Georgia LW (23) SSC Napoli Paris Saint-Germain 70,00 Khvicha Kvaratskhelia
84%
19/20 Flag of France LB (23) Atlético de Madrid Bayern Munich 80,00 Lucas Hernández
84%
22/23 Flag of Spain LB (24) Brighton & Hove Albion Chelsea FC 65,30 Marc Cucurella
84%
19/20 Flag of the Netherlands CB (19) Ajax Amsterdam Juventus FC 85,50 Matthijs de Ligt
84%
22/23 Flag of Ukraine LW (22) Shakhtar Donetsk Chelsea FC 70,00 Mykhaylo Mudryk
84%
17/18 Flag of Brazil AM (25) FC Barcelona Paris Saint-Germain 222,00 Neymar
84%
23/24 Flag of France CF (24) Eintracht Frankfurt Paris Saint-Germain 95,00 Randal Kolo Muani
84%
20/21 Flag of Portugal CB (23) SL Benfica Manchester City 71,60 Rúben Dias
84%
20/21 Flag of Nigeria CF (21) LOSC Lille SSC Napoli 78,90 Victor Osimhen
84%
17/18 Flag of the Netherlands CB (26) Southampton FC Liverpool FC 84,65 Virgil van Dijk
84%
14/15 Flag of Chile CF (25) FC Barcelona Arsenal FC 42,50 Alexis Sánchez
82%
19/20 Flag of France CF (28) Atlético de Madrid FC Barcelona 120,00 Antoine Griezmann
82%
21/22 Flag of Brazil DM (24) Olympique Lyon Newcastle United 42,10 Bruno Guimarães
82%
21/22 Flag of France CB (22) RB Leipzig Bayern Munich 42,50 Dayot Upamecano
82%
21/22 Flag of Spain CF (21) Manchester City FC Barcelona 55,00 Ferran Torres
82%
18/19 Flag of Brazil CM (25) Shakhtar Donetsk Manchester United 59,00 Fred
82%
19/20 Flag of the Netherlands CM (22) Ajax Amsterdam FC Barcelona 86,00 Frenkie de Jong
82%
13/14 Flag of Wales RW (24) Tottenham Hotspur Real Madrid 101,00 Gareth Bale
82%
18/19 Flag of Spain GK (23) Athletic Bilbao Chelsea FC 80,00 Kepa Arrizabalaga
82%
15/16 Flag of Belgium AM (24) VfL Wolfsburg Manchester City 76,00 Kevin De Bruyne
82%
14/15 Flag of Uruguay CF (27) Liverpool FC FC Barcelona 81,72 Luis Suárez
82%
20/21 Flag of Bosnia and Herzegovina CM (30) Juventus FC FC Barcelona 60,00 Miralem Pjanić
82%
16/17 Flag of Brazil AM (25) Chelsea FC Shanghai Port 60,00 Oscar
82%
17/18 Flag of France CF (20) Borussia Dortmund FC Barcelona 148,00 Ousmane Dembélé
82%
16/17 Flag of France CM (23) Juventus FC Manchester United 105,00 Paul Pogba
82%
17/18 Flag of Brazil AM (25) Liverpool FC FC Barcelona 135,00 Philippe Coutinho
82%
17/18 Flag of Gabon CF (28) Borussia Dortmund Arsenal FC 63,75 Pierre-Emerick Aubameyang
82%
18/19 Flag of Algeria RW (27) Leicester City Manchester City 67,80 Riyad Mahrez
82%
15/16 Flag of Brazil CF (23) TSG 1899 Hoffenheim Liverpool FC 41,00 Roberto Firmino
82%
19/20 Flag of Belgium CF (26) Manchester United Inter Milan 74,00 Romelu Lukaku
82%
20/21 Flag of Germany LW (24) RB Leipzig Chelsea FC 53,00 Timo Werner
82%
17/18 Flag of Spain CF (24) Real Madrid Chelsea FC 66,00 Álvaro Morata
80%
15/16 Flag of Argentina RW (27) Manchester United Paris Saint-Germain 63,00 Ángel Di María
80%
14/15 Flag of Argentina RW (26) Real Madrid Manchester United 75,00 Ángel Di María
80%
13/14 Flag of Uruguay CF (26) SSC Napoli Paris Saint-Germain 64,50 Edinson Cavani
80%
19/20 Flag of England CB (26) Leicester City Manchester United 87,00 Harry Maguire
80%
14/15 Flag of Colombia AM (23) AS Monaco Real Madrid 75,00 James Rodríguez
80%
24/25 Flag of Colombia CF (21) Aston Villa Al-Nassr FC 77,00 Jhon Durán
80%
16/17 Flag of England CB (22) Everton FC Manchester City 55,60 John Stones
80%
20/21 Flag of Germany RW (24) Manchester City Bayern Munich 49,00 Leroy Sané
80%
13/14 Flag of Germany AM (24) Real Madrid Arsenal FC 47,00 Mesut Özil
80%
13/14 Flag of Brazil AM (21) Santos FC FC Barcelona 88,00 Neymar
80%
16/17 Flag of Senegal LW (24) Southampton FC Liverpool FC 41,00 Sadio Mané
80%
22/23 Flag of France CB (21) Leicester City Chelsea FC 80,40 Wesley Fofana
80%
20/21 Flag of Brazil DM (24) FC Barcelona Juventus FC 80,60 Arthur Melo
77%
17/18 Flag of Spain CB (23) Athletic Bilbao Manchester City 65,00 Aymeric Laporte
77%
14/15 Flag of Brazil CB (27) Chelsea FC Paris Saint-Germain 49,50 David Luiz
77%
16/17 Flag of Argentina CF (28) SSC Napoli Juventus FC 90,00 Gonzalo Higuaín
77%
16/17 Flag of Switzerland (Pantone) DM (23) Borussia Mönchengladbach Arsenal FC 45,00 Granit Xhaka
77%
16/17 Flag of Brazil CF (29) Zenit St. Petersburg Shanghai Port 56,00 Hulk
77%
18/19 Flag of Italy DM (26) SSC Napoli Chelsea FC 57,00 Jorginho
77%
16/17 Flag of Germany RW (20) FC Schalke 04 Manchester City 52,00 Leroy Sané
77%
18/19 Flag of Guinea.svg CM (23) RB Leipzig Liverpool FC 60,00 Naby Keïta
77%
19/20 Flag of Côte d'Ivoire RW (24) LOSC Lille Arsenal FC 80,00 Nicolas Pépé
77%
19/20 Flag of Spain DM (23) Atlético de Madrid Manchester City 70,00 Rodri
77%
17/18 Flag of Belgium CF (24) Everton FC Manchester United 84,70 Romelu Lukaku
77%
20/21 Flag of Ghana DM (27) Atlético de Madrid Arsenal FC 50,00 Thomas Partey
77%
15/16 Flag of France CF (19) AS Monaco Manchester United 60,00 Anthony Martial
75%
14/15 Flag of France CF (23) Real Sociedad Atlético de Madrid 54,00 Antoine Griezmann
75%
20/21 Flag of England LB (23) Leicester City Chelsea FC 50,20 Ben Chilwell
75%
17/18 Flag of France LB (23) AS Monaco Manchester City 57,50 Benjamin Mendy
75%
17/18 Flag of Spain CF (29) Chelsea FC Atlético de Madrid 60,00 Diego Costa
75%
13/14 Flag of Brazil DM (28) Shakhtar Donetsk Manchester City 40,00 Fernandinho
75%
13/14 Flag of Argentina CF (25) Real Madrid SSC Napoli 39,00 Gonzalo Higuaín
75%
13/14 Flag of Colombia AM (21) FC Porto AS Monaco 45,00 James Rodríguez
75%
24/25 Flag of Portugal DM (19) SL Benfica Paris Saint-Germain 59,92 João Neves
75%
12/13 CM (26) Tottenham Hotspur Real Madrid 35,00 Luka Modrić
75%
14/15 Flag of England LB (18) Southampton FC Manchester United 37,50 Luke Shaw
75%
24/25 Flag of France RW (25) Aston Villa Al-Ittihad Club 60,00 Moussa Diaby
75%
15/16 Flag of England RW (20) Liverpool FC Manchester City 63,70 Raheem Sterling
75%
12/13 Flag of Brazil CB (27) AC Milan Paris Saint-Germain 42,00 Thiago Silva
75%
15/16 Flag of Belgium CF (24) Aston Villa Liverpool FC 46,50 Christian Benteke
73%
12/13 Flag of Belgium LW (21) LOSC Lille Chelsea FC 35,00 Eden Hazard
73%
13/14 Flag of Spain AM (25) Chelsea FC Manchester United 44,73 Juan Mata
73%
11/12 Flag of Germany GK (25) FC Schalke 04 Bayern Munich 30,00 Manuel Neuer
73%
15/16 Flag of Argentina CB (27) Valencia CF Manchester City 44,50 Nicolás Otamendi
73%
15/16 Flag of Argentina CF (21) Palermo FC Juventus FC 41,00 Paulo Dybala
73%
13/14 Flag of Colombia CF (27) Atlético de Madrid AS Monaco 43,00 Radamel Falcao
73%
12/13 Flag of the Netherlands CF (29) Arsenal FC Manchester United 30,70 Robin van Persie
73%
11/12 Flag of Chile CF (22) Udinese Calcio FC Barcelona 26,00 Alexis Sánchez
70%
10/11 Flag of Spain CF (26) Liverpool FC Chelsea FC 58,50 Fernando Torres
70%
16/17 Flag of Armenia CM (27) Borussia Dortmund Manchester United 42,00 Henrikh Mkhitaryan
70%
20/21 Flag of Argentina CF (27) Inter Milan Paris Saint-Germain 50,00 Mauro Icardi
70%
24/25 Flag of Spain CM (23) FC Porto Manchester City 60,00 Nico González
70%
18/19 Flag of France AM (22) AS Monaco Atlético de Madrid 72,00 Thomas Lemar
70%
11/12 Flag of Sweden CF (29) FC Barcelona AC Milan 24,00 Zlatan Ibrahimović
70%
10/11 Flag of Argentina RW (22) SL Benfica Real Madrid 33,00 Ángel Di María
68%
11/12 Flag of Spain CM (24) Arsenal FC FC Barcelona 34,00 Cesc Fàbregas
68%
10/11 Flag of Bosnia and Herzegovina CF (24) VfL Wolfsburg Manchester City 37,00 Edin Džeko
68%
12/13 Flag of Brazil CF (26) FC Porto Zenit St. Petersburg 40,00 Hulk
68%
10/11 Flag of Uruguay CF (24) Ajax Amsterdam Liverpool FC 26,50 Luis Suárez
68%
13/14 Flag of Germany AM (21) Borussia Dortmund Bayern Munich 37,00 Mario Götze
68%
11/12 Flag of Argentina CF (23) Atlético de Madrid Manchester City 40,00 Sergio Agüero
68%
10/11 Flag of Côte d'Ivoire CM (27) FC Barcelona Manchester City 30,00 Yaya Touré
68%
11/12 Flag of Colombia CF (25) FC Porto Atlético de Madrid 40,00 Radamel Falcao
66%
11/12 Flag of Cameroon CF (30) Inter Milan Anzhi Makhachkala 27,00 Samuel Eto'o
66%
16/17 Flag of Germany CB (24) Valencia CF Arsenal FC 41,00 Shkodran Mustafi
66%
14/15 Flag of Spain CF (25) Atlético de Madrid Chelsea FC 38,00 Diego Costa
64%
10/11 Flag of Spain CF (28) Valencia CF FC Barcelona 40,00 David Villa
61%
11/12 Flag of Portugal LB (23) SL Benfica Real Madrid 30,00 Fábio Coentrão
61%
12/13 Flag of Brazil RW (20) São Paulo Futebol Clube Paris Saint-Germain 40,00 Lucas Moura
61%
14/15 Flag of Spain CM (24) Athletic Bilbao Manchester United 36,00 Ander Herrera
59%
10/11 Flag of Brazil CB (23) SL Benfica Chelsea FC 25,00 David Luiz
59%
12/13 Flag of Spain CB (23) Athletic Bilbao Bayern Munich 40,00 Javi Martínez
59%
15/16 Flag of Germany LW (21) FC Schalke 04 VfL Wolfsburg 43,00 Julian Draxler
59%
12/13 Flag of Brazil AM (20) Sport Club Internacional Chelsea FC 32,00 Oscar
59%
11/12 Flag of France AM (24) Arsenal FC Manchester City 27,50 Samir Nasri
59%
12/13 Flag of Belgium DM (23) SL Benfica Zenit St. Petersburg 40,00 Axel Witsel
55%
12/13 Flag of Argentina CF (27) SSC Napoli Paris Saint-Germain 30,00 Ezequiel Lavezzi
55%
11/12 Flag of Spain AM (23) Valencia CF Chelsea FC 26,70 Juan Mata
55%
10/11 Flag of Italy CF (20) Inter Milan Manchester City 29,50 Mario Balotelli
55%
10/11 Flag of Spain AM (24) Valencia CF Manchester City 28,75 David Silva
52%
11/12 Flag of Argentina AM (22) Palermo FC Paris Saint-Germain 42,00 Javier Pastore
48%
10/11 Flag of England CF (22) Newcastle United Liverpool FC 41,00 Andy Carroll
45%
16/17 Flag of Portugal LW (23) Sporting CP Inter Milan 44,78 João Mário
36%
15/16 Flag of Colombia CF (29) Atlético de Madrid 42,00 Jackson Martínez
34%
14/15 Flag of Portugal CB (23) FC Porto Manchester City 45,00 Eliaquim Mangala
32%
12/13 Flag of Brazil LW (24) Shakhtar Donetsk Anzhi Makhachkala 35,00 Willian
30%
15/16 Flag of Brazil CF (26) Shakhtar Donetsk 50,00 Alex Teixeira
25%
No matching quizzes found
Score Distribution
Percent of People with Each Score
Percentile by Number Answered
Your Score History
You have not taken this quiz